000 00407nam a2200121Ia 4500
008 160712s9999 xx 000 0 und d
100 _aPascual, Chuckberry.
245 _cChuckberry Pascual
_aSigbin
260 _c2015
_bLikhaan: The Journal of Contemporary Philippine Literature
300 _avol. 9
650 _xMAIKLING KUWENTO
856 _uhttp://journals.upd.edu.ph/index.php/lik/issue/view/539/showToc
999 _c297082
_d297082